000 00535nam a2200193Ia 4500
005 20250326144751.0
008 250326s9999 xx 000 0 und d
020 _a81-309-0224-9
037 _aTextbook
040 _aFMSL
_beng
_cFMSL
041 _aeng
_2eng
084 _aS:41 P6
_qFMSL
100 _aThomas N
_9750074
245 0 _aConcise adair on crcreativity and innovation
_cThomas N
260 _aNew Delhi
_bNew Delhi, Viva Books
_c2006
300 _a115p
942 _cTB
_hS:41 P6
999 _c1304953
_d1304953